Concepts of epidemiology : (Record no. 1537)

MARC details
000 -LEADER
fixed length control field 01733cam a22004094a 4500
001 - CONTROL NUMBER
control field data
005 - DATE AND TIME OF LATEST TRANSACTION
control field 20260322212105.0
008 - FIXED-LENGTH DATA ELEMENTS--GENERAL INFORMATION
fixed length control field data
035 ## - SYSTEM CONTROL NUMBER
System control number 12548541
010 ## - LIBRARY OF CONGRESS CONTROL NUMBER
LC control number 2001052327
020 ## - INTERNATIONAL STANDARD BOOK NUMBER
International Standard Book Number 0192631551
Qualifying information pbk. : alk. paper
020 ## - INTERNATIONAL STANDARD BOOK NUMBER
International Standard Book Number 9780192631558
Qualifying information (pbk. : alk. paper)
035 ## - SYSTEM CONTROL NUMBER
System control number (DNLM)101129047
040 ## - CATALOGING SOURCE
Original cataloging agency DNLM/DLC
Transcribing agency DLC
Modifying agency DLC
042 ## - AUTHENTICATION CODE
Authentication code pcc
050 00 - LIBRARY OF CONGRESS CALL NUMBER
Classification number RA650
Item number .B48 2002
060 10 - NATIONAL LIBRARY OF MEDICINE CALL NUMBER
Classification number WA 105
Item number B575c 2002
082 00 - DEWEY DECIMAL CLASSIFICATION NUMBER
Classification number 614.4
Edition information 21
100 1# - MAIN ENTRY--PERSONAL NAME
Personal name Bhopal, Raj S.
245 10 - TITLE STATEMENT
Title Concepts of epidemiology :
Remainder of title an integrated introduction to the ideas, theories, principles, and methods of epidemiology /
Statement of responsibility, etc. Raj S. Bhopal.
260 ## - PUBLICATION, DISTRIBUTION, ETC.
Place of publication, distribution, etc. New York :
-- New York :
Name of publisher, distributor, etc. Oxford University Press,
Date of publication, distribution, etc. 2002.
300 ## - PHYSICAL DESCRIPTION
Extent xxviii, 317 p. :
Other physical details ill., maps ;
Dimensions 24 cm.
336 ## - CONTENT TYPE
Content type term text
Content type code txt
Source rdacontent
337 ## - MEDIA TYPE
Media type term unmediated
Media type code n
Source rdamedia
338 ## - CARRIER TYPE
Carrier type term volume
Carrier type code nc
Source rdacarrier
504 ## - BIBLIOGRAPHY, ETC. NOTE
Bibliography, etc. note Includes bibliographical references (p. [297]-309) and index.
650 #0 - SUBJECT ADDED ENTRY--TOPICAL TERM
Topical term or geographic name entry element Epidemiology.
650 12 - SUBJECT ADDED ENTRY--TOPICAL TERM
Topical term or geographic name entry element Epidemiology.
856 41 - ELECTRONIC LOCATION AND ACCESS
Materials specified Table of contents only
Uniform Resource Identifier <a href="http://www.loc.gov/catdir/enhancements/fy0611/2001052327-t.html">http://www.loc.gov/catdir/enhancements/fy0611/2001052327-t.html</a>
856 42 - ELECTRONIC LOCATION AND ACCESS
Materials specified Publisher description
Uniform Resource Identifier <a href="http://www.loc.gov/catdir/enhancements/fy0611/2001052327-d.html">http://www.loc.gov/catdir/enhancements/fy0611/2001052327-d.html</a>
906 ## - LOCAL DATA ELEMENT F, LDF (RLIN)
a 7
b cbc
c orignew
d 1
e ocip
f 20
g y-gencatlg
925 0# -
-- acquire
-- 1 shelf copy
-- policy default
955 ## - COPY-LEVEL INFORMATION (RLIN)
-- jc15 2001-10-05 rec'd by jc03 2001-10-09
-- jc03 2001-10-10 to Dewey
955 ## - COPY-LEVEL INFORMATION (RLIN)
-- pv03 2002-08-09 CIP ver. to BCCD
985 ## -
-- NLMCIP
-- 2001-10-04
Holdings
Withdrawn status Lost status Damaged status Not for loan Home library Current library Shelving location Date acquired Total checkouts Full call number Barcode Date last seen Price effective from Koha item type
        Riverside Riverside General stacks 22/03/2026   614.4 LOC-RPL-00084 22/03/2026 22/03/2026 Books